Technologický dluh? Dá se řešit...

Pojem technologický dlh. Vznik technologického dlhu.

Gespeichert in:
Bibliographische Detailangaben
1. Verfasser: Sobková, Martina
Format: Buchkapitel
Sprache:Tschechisch
Schlagworte:
Tags: Tag hinzufügen
Keine Tags, Fügen Sie das erste Tag hinzu!

MARC

LEADER 00000naa a2200000 4500
001 0250593
005 20190204073815.8
041 0 |a cze 
044 |a CZ 
245 1 0 |a Technologický dluh? Dá se řešit...  |c Martina Sobková 
520 |a Pojem technologický dlh. Vznik technologického dlhu. 
610 2 0 |a banky 
610 2 0 |a technológie informačné 
610 2 0 |a technológie nové 
610 2 0 |a stratégia inovačná 
610 2 0 |a programátori 
610 2 0 |a programovanie finančné 
100 1 |a Sobková, Martina